Name Dropping #29: “Super” Actors #4 - Statistics

General Stats
  • This quiz has been taken 64 times
  • The average score is 10 of 20
Answer Stats
Hint Extra Hint Answer % Correct
Bradley Film: Rocket in “Guardians of the Galaxy” (2014); “Guardians of the Galaxy Vol. 2” (2017); “Avengers: Infinity War” (2018); “Avengers: Endgame” (2019); “Thor: Love and Thunder” (2022); “Guardians of the Galaxy Vol. 3” (2023). Cooper
97%
Danny Film: Penguin in “Batman Returns” (1992). DeVito
97%
Tom Film: Venom in “Venom” (2018); “Venom: Let There Be Carnage” (2021); “Venom: The Last Dance” (2024). Hardy
91%
Eric Film: The Hulk in “Hulk” (2003). Bana
84%
Eartha TV: Catwoman in “Batman” (5 episodes, 1967–1968, ABC). Kitt
66%
Tessa Film: Valkyrie in “Thor: Ragnarok” (2017); “Avengers: Endgame” (2019); “Thor: Love and Thunder” (2022). Thompson
59%
Rhys Film: Lizard in “The Amazing Spider-Man” (2012). Ifans
56%
Barry Film: Druig in “Eternals” (2021); “Thor: Love and Thunder” (2022). Keoghan
53%
Kathryn TV: Agatha Harkness in “WandaVision” (9-episode miniseries, 2021, Disney+); “Agatha All Along” (9-episode miniseries, 2024, Disney+). Hahn
47%
Ethel TV: Lola Lasagne in “Batman” (3 episodes, 1967, ABC). Merman
47%
Dominic Film: Chris Bradley in “X-Men Origins: Wolverine” (2009). Monaghan
44%
Olo TV: Sammy in “Inhumans” (2017, ABC). Alailima
41%
Helen Film: Supergirl in “Supergirl” (1984). Slater
41%
Bret TV: Hive in “Agents of S.H.I.E.L.D.” (58 episodes, 2013–2016, ABC) Dalton
31%
Alessandro Film: Rhino in “Kraven the Hunter” (2024). Nivola
31%
Aaron W. Film: Juggernaut in “Deadpool & Wolverine” (2024). Reed
28%
Gregg TV: Chase Stein in “Runaways” (main character, 2017–2019, Hulu). Sulkin
22%
Robert Film: Insect-Man in “Kick-Ass 2” (2013). Emms
16%
Dania Film: Callisto in “X-Men: The Last Stand” (2006). Ramirez
16%
Johnny Film: Robin in “Batman and Robin” (1949). Duncan
13%
No matching quizzes found
Score Distribution
Percent of People with Each Score
Percentile by Number Answered
Your Score History
You have not taken this quiz